Maestros, alumnos y conocimiento en contextos de pobreza

Saved in:
Bibliografiske detaljer
Main Authors: Miranda, María Jesús (autora), Vega, María I (Author)
Format: Bog
Sprog:spansk
Udgivet: Rosario Homo Sapiens 2003
Fag:
Tags: Tilføj Tag
Ingen Tags, Vær først til at tagge denne postø!

MARC

LEADER 00000nam a2200000 a 4500
001 UCK5682
003 CL-VaPUC
008 050819e20030000AG |||||||||||||||||spa|d
020 |a 9508083948 
082 0 4 |a 370.115  |b MIR  |2 21 
100 |a Miranda, María Jesús  |e autora  |9 494591 
700 0 |a Vega, María I  |e author  |9 494592 
245 1 0 |a Maestros, alumnos y conocimiento en contextos de pobreza 
300 |a 103 p 
942 |c BK 
945 |d 20050819 00:00:00  |a cmena 
260 |a Rosario  |b Homo Sapiens  |c 2003 
650 0 |a Filosofía de la educación   |9 258384 
650 0 |a Responsabilidad social  |9 339076 
650 0 |a Rol del docente  |9 329733 
650 0 |a Integración social  |9 319662 
650 0 |a Problemas sociales  |9 258537 
650 0 |a Pobreza  |9 258652 
583 |a last modification  |c 20050819 00:00:00  |k Rodrigo Vera 
999 |c 314177  |d 314175 
952 |0 0  |1 0  |4 0  |6 370_115000000000000_MIR_2003  |7 0  |8 A  |9 386171  |a BIBEDU  |b BIBEDU  |d 2019-11-22  |i 4155955  |o 370.115 MIR 2003  |p 4155955  |r 2019-11-22  |w 2019-11-22  |y BK  |k FIL